Statistics for London Underground Station with Short Names

Click here to take the quiz!

General Stats

  • This quiz has been taken 311 times
    (207 since last reset)
  • The average score is 12 of 36

Answer Stats

Length Station % Correct
4Bank
88%
4Oval
73%
5Angel
61%
6Temple
53%
6Euston
51%
7Pimlico
47%
7Aldgate
45%
7Holborn
44%
6Morden
39%
6Balham
38%
7Arsenal
37%
7Brixton
35%
6Debden
33%
6Epping
32%
6Leyton
30%
5Upney
28%
6Pinner
28%
7Fairlop
28%
7Edgware
28%
7West Ham
27%
7Barking
27%
7Watford
26%
7Ruislip
26%
7Borough
26%
7Neasden
24%
7St Paul's
23%
7Chesham
23%
7East Ham
23%
7Kilburn
23%
7Archway
22%
7Croxley
20%
6Kenton
20%
7Elm Park
20%
7Bow Road
18%
7Mile End
18%
7Oakwood
11%

Score Distribution

Percentile by Number Answered

Percent of People with Each Score

Your Score History

You have not taken this quiz since the last reset